[Event "Wch U20 41st"]
[Site "Goa"]
[Date "2002.12.18"]
[Round "11"]
[White "Kafka, Graeme"]
[Black "Sanchit, Aggarwal"]
[Result "1-0"]
[WhiteElo "2108"]
[BlackElo "2004"]
[PlyCount "79"]
[EventDate "2002.12.09"]
[EventType "swiss"]
[EventRounds "13"]
[EventCountry "IND"]
[SourceTitle "CBM 091 Extra"]
[Source "ChessBase"]
[SourceDate "2003.01.09"]
[SourceVersion "1"]
[SourceVersionDate "2003.01.09"]
[SourceQuality "1"]

1. e4 c5 2. Nf3 e6 3. d4 cxd4 4. Nxd4 a6 5. Bd3 Qc7 6. 0-0 Nc6 7. Nxc6 Qxc6 8. c4 b6 9. Nc3 Bb7 10. Qe2 Nf6 11. Be3 Bc5 12. Rac1 0-0 13. Bxc5 Qxc5 14. e5 Qc6 15. f4 Ne8 16. Rc2 f5 17. Qf2 Rc8 18. b3 Qc5 19. Na4 Qxf2+ 20. Kxf2 Rc6 21. c5 b5 22. Nb6 Rc7 23. b4 Bc6 24. a4 Ra7 25. Ra1 Nc7 26. axb5 Nxb5 27. Rca2 Nc7 28. Bxa6 Nd5 29. Nxd5 Bxd5 30. Ra5 Rb8 31. b5 Bc4 32. b6 Rxa6 33. Rxa6 Bxa6 34. Rxa6 Kf8 35. Ke3 Ke8 36. Kd4 h6 37. c6 dxc6 38. Kc5 g5 39. Kxc6 Rc8+ 40. Kd6 1-0

[Event "Wch U20 41st"]
[Site "Goa"]
[Date "2002.12.16"]
[Round "9"]
[White "Sangma, Rahul"]
[Black "Sanchit, Aggarwal"]
[Result "1/2-1/2"]
[WhiteElo "2214"]
[BlackElo "2004"]
[PlyCount "105"]
[EventDate "2002.12.09"]
[EventType "swiss"]
[EventRounds "13"]
[EventCountry "IND"]
[SourceTitle "CBM 091 Extra"]
[Source "ChessBase"]
[SourceDate "2003.01.09"]
[SourceVersion "1"]
[SourceVersionDate "2003.01.09"]
[SourceQuality "1"]

1. e4 c5 2. Nf3 d6 3. d4 cxd4 4. Nxd4 Nf6 5. Nc3 a6 6. Be2 e5 7. Nb3 Be7 8. Be3 Be6 9. Nd5 Nbd7 10. f3 Bxd5 11. exd5 Nb6 12. c4 Nbd7 13. 0-0 0-0 14. Qd2 b6 15. Rfd1 Nc5 16. Qc2 Nh5 17. Qd2 h6 18. g4 Nf6 19. Nxc5 bxc5 20. Bd3 Nh7 21. Qc2 Nf6 22. Qd2 Nh7 23. Bxh6 Ng5 24. Bxg5 Bxg5 25. Qe1 g6 26. Kg2 Kg7 27. Qf2 Rh8 28. Rh1 Rb8 29. a3 Rb3 30. Qc2 Qb8 31. Ra2 Be3 32. Rb1 Bd4 33. a4 Qb4 34. Ra3 Rb8 35. Rxb3 Qxb3 36. Qxb3 Rxb3 37. Be4 Rxb2+ 38. Rxb2 Bxb2 39. h4 Bc1 40. g5 f6 41. gxf6+ Kxf6 42. Kg3 Kg7 43. Kg4 Kh6 44. Bd3 Bd2 45. h5 gxh5+ 46. Kf5 h4 47. Bf1 Bf4 48. Bg2 Kg7 49. Bh3 Kf7 50. Bf1 Ke7 51. Ke4 Kd7 52. Bh3+ Kc7 53. Kd3 1/2-1/2

[Event "Wch U20 41st"]
[Site "Goa"]
[Date "2002.12.10"]
[Round "3"]
[White "Sanchit, Aggarwal"]
[Black "Pradeep, TS."]
[Result "1/2-1/2"]
[WhiteElo "2004"]
[BlackElo "2111"]
[PlyCount "120"]
[EventDate "2002.12.09"]
[EventType "swiss"]
[EventRounds "13"]
[EventCountry "IND"]
[SourceTitle "CBM 091 Extra"]
[Source "ChessBase"]
[SourceDate "2003.01.09"]
[SourceVersion "1"]
[SourceVersionDate "2003.01.09"]
[SourceQuality "1"]

1. e4 c5 2. c3 d5 3. exd5 Qxd5 4. d4 Nc6 5. Nf3 Bg4 6. Be2 cxd4 7. cxd4 Nf6 8. Nc3 Qa5 9. 0-0 e6 10. h3 Bh5 11. a3 Be7 12. Qb3 Bxf3 13. Bxf3 Nxd4 14. Qxb7 Nxf3+ 15. Qxf3 0-0 16. Bf4 Qb6 17. Qe2 Rfd8 18. Rfd1 Qb7 19. Rac1 Rac8 20. Rxd8+ Rxd8 21. Qb5 Qxb5 22. Nxb5 Nd5 23. Be5 f6 24. Bd4 a6 25. Nc3 Nf4 26. Be3 Nd3 27. Rc2 Rc8 28. a4 e5 29. Rd2 Rd8 30. Kf1 f5 31. f3 Bb4 32. Ke2 e4 33. fxe4 fxe4 34. Rc2 Rc8 35. Bc1 Kf7 36. Ke3 Rc4 37. Bd2 Ke6 38. b3 Bc5+ 39. Ke2 Rd4 40. Nxe4 Rxe4+ 41. Kxd3 Rd4+ 42. Ke2 Re4+ 43. Kf3 Re5 44. Bf4 Rd5 45. Rd2 Rf5 46. g4 Rf8 47. Kg3 h6 48. Re2+ Kd7 49. Bd2 Rb8 50. b4 Bxb4 51. Bf4 Rc8 52. Re3 g5 53. Rd3+ Ke6 54. Be3 Rc2 55. Bf2 Bd6+ 56. Kf3 Rc4 57. Kg2 Bc5 58. Rd2 Bxf2 59. Rxf2 Rxa4 60. Re2+ Kd5 1/2-1/2